El general Prim i la questio de Mexic

Guardat en:
Dades bibliogràfiques
Autor principal: Pi-Suñer Llorens, Antonia (Autor)
Format: Llibre
Idioma:espanyol
Publicat: Barcelona Generalitat de Catalunya 1992
Col·lecció:Joan Orpe
Matèries:
Etiquetes: Afegir etiqueta
Sense etiquetes, Sigues el primer a etiquetar aquest registre!

MARC

LEADER 00000nam a2200000 a 4500
001 UCY3420
003 CL-VaPUC
008 941227e19920000SP |||||||||||||||||spa|d
082 0 4 |a 327.460  |b PIS  |2 21 
100 0 |a Pi-Suñer Llorens, Antonia  |e author  |9 331679 
245 1 3 |a El general Prim i la questio de Mexic 
300 |a 241 p 
942 |c BK 
945 |d 19941227 00:00:00  |a oaravena 
260 |a Barcelona  |b Generalitat de Catalunya  |c 1992 
600 0 7 |a PRIM Y PRATS, JUAN  |2 CL-VaPUC  |9 331680 
650 0 |a Relaciones Exteriores  |9 255379 
651 0 |a España  |9 254926 
651 0 |a México  |9 255269 
583 |a last modification  |c 19941227 00:00:00  |k Rodrigo Vera 
490 0 |a Joan Orpe 
999 |c 231555  |d 231553 
952 |0 0  |1 0  |4 0  |6 327_460000000000000_PIS_1992  |7 0  |8 A  |9 234938  |a BIBDER  |b BIBDER  |d 2019-11-15  |i 3044165  |o 327.460 PIS 1992  |p 3044165  |r 2023-01-25  |w 2019-11-15  |y BK  |k DER